Normal view MARC view
  • Alnwick H

Entry Personal Name

Number of records used in: 1

001 - CONTROL NUMBER

  • control field: 108003

003 - CONTROL NUMBER IDENTIFIER

  • control field: NUST

005 - DATE AND TIME OF LATEST TRANSACTION

  • control field: 20230128133539.0

008 - FIXED-LENGTH DATA ELEMENTS

  • fixed length control field: 230128|| aca||aabn | a|a d

040 ## - CATALOGING SOURCE

  • Original cataloging agency: NUST
  • Transcribing agency: NUST

100 ## - HEADING--PERSONAL NAME

  • Personal name: Alnwick H

670 ## - SOURCE DATA FOUND

  • Source citation: Work cat.: (NUST)186352: Alnwick H, Commercial geography /, [1973]
© 2023 Central Library, National University of Sciences and Technology. All Rights Reserved.